Juzgar : de la opinión no fundamentada al juicio elaborado.

Gardado en:
Detalles Bibliográficos
Autor Principal: Gromi, Alberto (autor)
Formato: Libro
Idioma:Lingua castelá
Series:(Didáctica de las operaciones mentales ; 6).
Temas:
Etiquetas: Engadir etiqueta
Sen Etiquetas, Sexa o primeiro en etiquetar este rexistro!

MARC

LEADER 00000nam^a2200000^u^4500
001 000529858
005 20250521000000.0
008 140424s10001000^^^^cr^^r^^^^^000^0^spa^d
009 20260310130819.613
022 |a 9788427719361 
035 |a FCE 000074105 
037 |a Acervo ITESO - Biblioteca 
041 |a spa 
082 0 4 |a 370.152  |b GROj 
100 |a Gromi, Alberto  |e (autor) 
245 1 0 |a Juzgar :  |b de la opinión no fundamentada al juicio elaborado. 
264 |a Madrid :  |b Narcea,  |c 2013. 
300 |a 150 p. 
336 |a texto  |b txt  |2 rdacontenido 
337 |a sin mediación  |b n  |2 rdamedio 
338 |a volumen  |b nc  |2 rdasoporte 
440 0 |a (Didáctica de las operaciones mentales ; 6). 
596 |a Título original de la obra : Giudicare. 
649 |a XX 
650 |a Juicio 
650 |a Proceso cognitivo 
650 |a Didáctica educativa 
910 |a Fondo Centro de Estudios Educativos 
920 |a Impresos - Libros 
930 |a Fondos Especiales 
905 |a 133 
901 |a ALE072606  |b IT2  |c CEE  |u 20250521 
902 |a https://opac.biblio.iteso.mx/vufind/Record/000529858